[MUERTE SÚBITA] Animales que hibernan - Estadísticas

Estadísticas generales
  • Esta prueba ha sido intentada 123 veces
  • La puntuación promedio es 3 de 15
Answers on the Grid
Answers color-coded by a green-red scale on the quiz's grid according to % correct below.
Oso Pardo
Marmota
Erizo europeo
Murciélago orejudo
Rana de madera
Tortuga de caja
Lémur enano
Hámster sirio
Ardilla terrestre de trece franjas
Topo europeo
Serpiente de liga
Sapo común
Ratón de campo
Gopher de bolsillo
Oso Negro
Oso Polar
Ardilla Roja
Zorro Rojo
Lobo Gris
Castor Americano
Mapache Norteamericano
Tejón Europeo
Nutria europea
Búho Real
Pingüino emperador
Gato Montés
Pato Real
Caballo de Przewalski
Elefante Marino
Ciervo Rojo
 
Estadísticas de respuestas
Respuesta % Correcto
Oso Pardo
63%
Oso Negro
55%
Marmota
25%
Hámster sirio
20%
Erizo europeo
13%
Rana de madera
13%
Sapo común
13%
Tortuga de caja
13%
Ardilla terrestre de trece franjas
8%
Topo europeo
8%
Lémur enano
6%
Ratón de campo
6%
Serpiente de liga
6%
Gopher de bolsillo
3%
Murciélago orejudo
3%
No se encontraron pruebas coincidentes
Distribución de puntuación
Porcentaje de gente con cada puntuación
Porcentaje por número respondido
Historial de tus puntuaciones
No has intentado esta prueba.